Championnat de France de football National - Statistiques

Statistiques générales
  • Ce quiz a été pris 328 fois
    174 depuis la dernière actualisation
  • Le résultat moyen est 28 sur 52
Statistiques - réponses
Année Club Champion % Correct
1992-1993 Olympique Lyonnais 2
78%
1971-1972 AS Nancy 2
72%
2015-2016 RC Strasbourg
72%
1980-1981 Vauban Strasbourg
72%
1981-1982 Vauban Strasbourg
72%
2014-2015 Red Star FC
70%
2017-2018 Red Star FC
70%
1996-1997 Nimes Olympique
66%
2011-2012 Nimes Olympique
66%
2010-2011 SC Bastia
66%
2020-2021 SC Bastia
66%
1974-1975 SC Bastia 2
66%
1977-1978 FC Sochaux 2
61%
1986-1987 FC Sochaux 2
61%
2003-2004 Stade de Reims
61%
2021-2022 Stade Lavallois
61%
2004-2005 Valenciennes FC
61%
1983-1984 AJ Auxerre 2
60%
1985-1986 AJ Auxerre 2
60%
1987-1988 AJ Auxerre 2
60%
1989-1990 AJ Auxerre 2
60%
1991-1992 AJ Auxerre 2
60%
1976-1977 AS Saint-Etienne 2
59%
1979-1980 AS Saint-Etienne 2
59%
1994-1995 FC Lorient
59%
1984-1985 OGC Nice 2
59%
1988-1989 OGC Nice 2
59%
2019-2020 Pau FC
59%
2001-2002 Clermont Foot
58%
2006-2007 Clermont Foot
58%
2005-2006 Chamois Niortais FC
57%
1973-1974 FC Nantes 2
57%
2022-2023 US Concarneau
57%
2013-2014 US Orléans LF
57%
2000-2001 Grenoble Foot 38
56%
1982-1983 Toulouse FC 2
56%
1990-1991 CS Sedan
55%
2009-2010 Evian Thonon Gaillard FC
55%
2018-2019 Rodez AF
55%
1993-1994 LB Chateauroux
49%
2016-2017 LB Chateauroux
49%
2008-2009 FC Istres OP
45%
2007-2008 Vannes OC
39%
1995-1996 SC Toulon
37%
2012-2013 US Créteil-Lusitanos
34%
2002-2003 Besançon RC
28%
1999-2000 AS Beauvais
23%
1998-1999 CS Louhans-Cuiseaux
14%
1978-1979 INF Vichy
8%
1997-1998 AC Ajaccio
4%
1975-1976 US Nœux-les-Mines
3%
1972-1973 CS Vittel
2%
Aucun quiz correspondant
Distribution des résultats
% des personnes avec chaque résultat
Percentile par nombre de réponses
Votre historique - résultats
Vous n’avez pas pris ce quiz depuis la dernière actualisation